000 00708nas a2200253 4500
001 BR2013003550
003 BR-BrBNA
005 20231205122255.0
007 ta
008 230509b bl.|||p| |||| 00| 00por d
040 _aBR-BrBNA
_bpor
_cBiblioteca Nacional de Agricultura
041 _a(Pt)
072 _aF01
100 1 _aLucini, M.A.
245 1 _aColheita, cura e armazenamento do alho nobre roxo no Brasil
650 _aALHO
650 _aCOLHEITA
650 _aCAMALHÃO
650 _aPARCELA
650 _aARMAZENAMENTO
773 0 _tNosso Alho (Brazil)
_xISSN 2177-2959
_g(Sept 2010), (no. 8) p. 32-37
_wBR2013003550
909 _a202311
_bLúcia
_c55
_dLúcia Elande
942 _2AGRIS
_n0
_cANA
999 _c227809
_d227809